1698 1268 1476 1615 1225 1892 1619 1219 1527 1083 1751 1584 1444 1186 1825 1634 1715 1264 1440 1751 1050 1164 1293 1694 1466 1609 1113 1167 1880 1627 1211 1226 1162 1116 1370 1267 1510 1089 1817 1623 1561 1498 1425 1230 1019 1007 1118 1157 1725 1883 1141 1516 1582 1454 1389 1680 1309 1624 1844 1037 1712 1094 1279 1110 1526 1099 1143 1319 1220 1124 1851 1560 1983 1894 1038 1690 1977 1581 1036 1260 1686 1231 1975 1555 1324 1806 1483 1334 1550 1292 1158 1340 1767 1390 1613 1367 1010 1128 1148 BCNSPRNW ULIB Ver.6.0+V

เปลี่ยนเป็นภาษาไทย

Change to English
 แสดงรายละเอียดบรรณานุกรม
  กลับหน้าหลัก

Brief Record : Get Marc (ISO 2709) : E-mail record : QR code < ปิดหน้าต่าง
LEADER : 00000nam 2200000uu 4500
001    13399125250
003     ULIB
008    161128s2550||||th 000 0 tha d
050  4 ^aBQ4570^bป344ก
100 0  ^aประภาศรี ทุ่งมีผล
245 10 ^aการสอนและการให้คำปรึกษาตามแนวพุทธศาสตร์ /^cประภาศรี ทุ่งมีผล
260    ^aนครสวรรค์ : วิทยาลัยพยาบาลบรมราชนนีสวรรค์ประชารักษ์ นครสวรรค์, 2550
300    ^a44 หน้า
650  0 ^aการสอน^bทางพุทธศาสตร์
700 0  ^aธรรมะ
710 1  ^aวิทยาลัยพยาบาลบรมราชนนีสวรรค์ประชารักษ์ นครสวรรค์
945    ^p0^l0^i001561
999    ^aวรรณษา ชูชัยมงคล
รายการนี้ยังไม่มีแท็ก
คุณยังไม่ได้ล็อกอิน คุณสามารถมีกิจกรรมร่วมกับเว็บไซต์ได้ แต่ต้องล็อกอินก่อน ::
  ล็อกอิน

รายการสื่อสารสนเทศ

ลำดับที่ ประเภท เลขเรียก/บาร์โค้ด สถานที่ สถานะ
1. การศึกษาทั่วไป
การศึกษาทั่วไป
BQ4570 ป344ก ฉ.1 
  Barcode: 001561
ห้องสมุดวิทยาเขตสวรรค์ประชารักษ์
►หนังสือทั่วไป
บนชั้น

รายการใกล้เคียง
    ผู้แต่ง [ประภาศรี ทุ่งมีผล]

BibComment


ยังไม่เคยถูกคอมเมนท์

คอมเมนท์ทรัพยากรรายการนี้
  คอมเมนท์: การสอนและการให้ค..


 Copyright 2026. Bcnsprnw @Library